Indigenous nations and modern states : (Record no. 14844)

000 -LEADER
fixed length control field 01468cam a2200289 a 4500
001 - CONTROL NUMBER
control field 17067393
005 - DATE AND TIME OF LATEST TRANSACTION
control field 20170105102905.0
008 - FIXED-LENGTH DATA ELEMENTS--GENERAL INFORMATION
fixed length control field 111202s2012 nyub b 001 0 eng
010 ## - LIBRARY OF CONGRESS CONTROL NUMBER
LC control number 2011048419
020 ## - INTERNATIONAL STANDARD BOOK NUMBER
International Standard Book Number 9780415808538 (hardback)
020 ## - INTERNATIONAL STANDARD BOOK NUMBER
International Standard Book Number 9780203139882 (ebook)
040 ## - CATALOGING SOURCE
Original cataloging agency DLC
Transcribing agency DLC
Modifying agency DLC
042 ## - AUTHENTICATION CODE
Authentication code pcc
050 00 - LIBRARY OF CONGRESS CALL NUMBER
Classification number GN380
Item number .R97 2012
082 00 - DEWEY DECIMAL CLASSIFICATION NUMBER
Classification number 323.11
Edition number 23
100 1# - MAIN ENTRY--PERSONAL NAME
Personal name Ryser, Rudolph C.
245 10 - TITLE STATEMENT
Title Indigenous nations and modern states :
Remainder of title the political emergence of nations challenging state power /
Statement of responsibility, etc. by Rudolph C. Rÿser.
260 ## - PUBLICATION, DISTRIBUTION, ETC.
Place of publication, distribution, etc. New York ;
-- London :
Name of publisher, distributor, etc. Routledge,
Date of publication, distribution, etc. 2012.
300 ## - PHYSICAL DESCRIPTION
Extent xviii, 298 p. :
Other physical details maps ;
Dimensions 24 cm.
504 ## - BIBLIOGRAPHY, ETC. NOTE
Bibliography, etc. note Includes bibliographical references (p. 281-288) and index.
505 0# - FORMATTED CONTENTS NOTE
Formatted contents note Introduction: where we are standing decides our point of view -- Emerging modern nations -- Fourth world geopolitics -- Four nations and the U.S.A. -- First nations and Canada -- The laboratory of internal political change -- The laboratory of external political change -- Fourth world wars in the shadows -- Dispatches from the fourth world -- The global movement of nations -- A world of nations and states.
650 #0 - SUBJECT ADDED ENTRY--TOPICAL TERM
Topical term or geographic name entry element Indigenous peoples
General subdivision Politics and government.
650 #0 - SUBJECT ADDED ENTRY--TOPICAL TERM
Topical term or geographic name entry element Indigenous peoples
General subdivision Government relations.
906 ## - LOCAL DATA ELEMENT F, LDF (RLIN)
a 7
b cbc
c orignew
d 1
e ecip
f 20
g y-gencatlg
942 ## - ADDED ENTRY ELEMENTS (KOHA)
Source of classification or shelving scheme
Koha item type Book
Holdings
Withdrawn status Lost status Damaged status Not for loan Collection code Permanent Location Current Location Shelving location Date acquired Total Checkouts Full call number Barcode Date last seen Price effective from Koha item type
          Centre for International Peace & Stability (CIPS) Centre for International Peace & Stability (CIPS) General Stacks 10/01/2013   323.11 RYS 2012 CIPS0001318 10/22/2013 10/22/2013 Book
© 2023 Central Library, National University of Sciences and Technology. All Rights Reserved.